MARTIN'S PHYSICAL PHARMACY & PHRMACEUTICAL (Record no. 7323)

MARC details
000 -LEADER
fixed length control field 00338nam a2200145Ia 4500
008 - FIXED-LENGTH DATA ELEMENTS--GENERAL INFORMATION
fixed length control field 150301s2015 xx 000 0 und d
082 ## - DEWEY DECIMAL CLASSIFICATION NUMBER
Classification number 615.4
Item number M11S
100 ## - MAIN ENTRY--PERSONAL NAME
Personal name SINKO
245 ## - TITLE STATEMENT
Title MARTIN'S PHYSICAL PHARMACY & PHRMACEUTICAL
250 ## - EDITION STATEMENT
Edition statement 50TH
260 ## - PUBLICATION, DISTRIBUTION, ETC. (IMPRINT)
Name of publisher, distributor, etc. WOLTER KLUMER
300 ## - PHYSICAL DESCRIPTION
Extent 660
650 ## - SUBJECT ADDED ENTRY--TOPICAL TERM
Topical term or geographic name as entry element PHARMACY
942 ## - ADDED ENTRY ELEMENTS (KOHA)
Source of classification or shelving scheme Dewey Decimal Classification
Koha item type Books
Koha issues (borrowed), all copies 1
Holdings
Withdrawn status Lost status Source of classification or shelving scheme Damaged status Not for loan Collection code Home library Current library Shelving location Date acquired Source of acquisition Cost, normal purchase price SGTU Bill Number Full call number Barcode Date last seen Bill Date Koha item type Total Checkouts Date last checked out Total Renewals
    Dewey Decimal Classification     PHARMACY SGT FA-FP Library SGT FA-FP Library Reference Book 02/07/2015 ABC-DELHI 1495.00 SGTU 5588 615.4 M11S FP1351 02/07/2015 04/04/2015 Books      
    Dewey Decimal Classification     PHARMACY SGT FA-FP Library SGT FA-FP Library Reference Book 02/07/2015 ABC-DELHI 1495.00 SGTU 5588 615.4 M11S FP1352 02/04/2025 04/04/2015 Books 2 02/04/2025  
    Dewey Decimal Classification     PHARMACY SGT FA-FP Library SGT FA-FP Library   02/07/2015 ABC-DELHI 1495.00 SGTU 5588 615.4 M11S FP1353 02/07/2015 04/04/2015 Books      
    Dewey Decimal Classification     PHARMACY SGT FA-FP Library SGT FA-FP Library Reference Book 02/07/2015 ABC-DELHI 1495.00 SGTU 5588 615.4 M11S FP1354 08/10/2015 04/04/2015 Books 1 07/10/2015 1
    Dewey Decimal Classification     PHARMACY SGT FA-FP Library SGT FA-FP Library Reference Book 02/07/2015 ABC-DELHI 1495.00 SGTU 5588 615.4 M11S FP1355 02/07/2015 04/04/2015 Books